=LDR 00000nam 2200000 4500 =001 INLIS000000000005249 =005 20200318021436 =035 ##$$a 0010-061300000005249 =008 200318################g##########0#ind## =041 ##$$a Ind =082 ##$$a 210.000 7 =090 ##$$a 210.000 7, Wah p =100 #$$a Ibrahim =245 1#$$a Pendidikan Agama Islam 3 kelas 3 semester 5, 6 /$c Drs. T. Ibrahim =260 ##$$a Surakarta :$b Intan Pariwara,$c 1990 =300 ##$$a v, 192 hlm, ; $c 14 x 21 cm =650 #4$$a Pendidikan Islam =650 #4$$a Study dan Pengajaran =850 ##$$a NBPNMAT =084 ##$$a 210.000 7 IBR p =250 ##$$a cet.1 =990 ##$$a 167.138/Pb.2001 =990 ##$$a 173.333/Pro.2002 =990 ##$$a 00052128 =990 ##$$a 0001/BPAP-NTB/2015 =990 ##$$a 173.343 pro. 2002 =990 ##$$a 02290229 =990 ##$$a 1199100058 =990 ##$$a 167.138/Pb.2001 =990 ##$$a 173.333/Pro.2002 =990 ##$$a 00052128 =990 ##$$a 0001/BPAP-NTB/2015 =990 ##$$a 173.343 pro. 2002